Laxton's building price book: major and small works 2001 (Record no. 101803)

MARC details
000 -LEADER
fixed length control field 00587cam a2200205 4500
008 - FIXED-LENGTH DATA ELEMENTS--GENERAL INFORMATION
fixed length control field 000000n2000 000 0 eng u
020 ## - INTERNATIONAL STANDARD BOOK NUMBER
International Standard Book Number 075064740X
035 ## - SYSTEM CONTROL NUMBER
System control number (Sirsi) u116001
050 ## - LIBRARY OF CONGRESS CALL NUMBER
Classification number 692.5
110 ## - MAIN ENTRY--CORPORATE NAME
Corporate name or jurisdiction name as entry element V B Johnson and Partners
-- Editor
245 ## - TITLE STATEMENT
Title Laxton's building price book: major and small works 2001
250 ## - EDITION STATEMENT
Edition statement 173rd ed.
260 ## - PUBLICATION, DISTRIBUTION, ETC.
Place of publication, distribution, etc. Oxford
Name of publisher, distributor, etc. Laxton's
Date of publication, distribution, etc. 2000
300 ## - PHYSICAL DESCRIPTION
Extent xliii,757p
Dimensions 30cm.
350 ## - PRICE (NR) (BK AM CF MU VM SE) [OBSOLETE]
Price 95.00
650 ## - SUBJECT ADDED ENTRY--TOPICAL TERM
Topical term or geographic name entry element BUILT ENVIRONMENT-BUILDING COSTS
650 ## - SUBJECT ADDED ENTRY--TOPICAL TERM
Topical term or geographic name entry element BUILDING PRICE BOOKS
690 ## - LOCAL SUBJECT ADDED ENTRY--TOPICAL TERM (OCLC, RLIN)
Topical term or geographic name as entry element BUILT ENVIRONMENT-BUILDING COSTS
942 ## - ADDED ENTRY ELEMENTS (KOHA)
Suppress in OPAC 0
Holdings
Withdrawn status Lost status Source of classification or shelving scheme Damaged status Not for loan Home library Current library Shelving location Date acquired Total Checkouts Full call number Barcode Date last seen Copy number Price effective from Koha item type
    Dewey Decimal Classification     London London Basement 14/12/2001   SHELF 443 30063355 06/08/2019 1 06/08/2019 Reference material